| 000 | 00587nam a2200133Ia 4500 | ||
|---|---|---|---|
| 008 | 220615s9999||||xx |||||||||||||| ||und|| | ||
| 022 | _a16648714 | ||
| 100 | _aJames R Schmidt||Eva Van Den Bussche||Wim Notebaert | ||
| 245 | 0 | _aIs Conflict Adaptation an Illusion? | |
| 546 | _aEnglish[eng] | ||
| 650 | _acognitive control||Gratton effect||Proportion Congruent||conflict adaptation||timing||Attention||contingency learning||congruency sequence effect||binding||expectancies | ||
| 856 | _uhttp://journal.frontiersin.org/researchtopic/2358/is-conflict-adaptation-an-illusion | ||
| 942 | _cEB | ||
| 999 |
_c13339 _d13339 |
||